[Event "29th Czech Open-Rapid 2018"]
[Site "Pardubice"]
[Date "2018.07.19"]
[Round "6"]
[White "Alekseev, Mikhail"]
[Black "Vokoun, Jan"]
[Result "0-1"]
[WhiteElo "1752"]
[BlackElo "2155"]
[Annotator "NA"]
[PlyCount "112"]
[EventDate "2018.07.18"]
[EventType "swiss"]
[EventCountry "CZE"]
[SourceTitle "playchess.com"]
[Source "ChessBase"]
[SourceQuality "1"]
[TimeControl "900+10"]

1. e4 {[%emt 0:00:00]} Nc6 {[%emt 0:00:00]} 2. Nf3 {[%emt 0:00:00]} d6 {[%emt 0:00:00]} 3. d4 {[%emt 0:00:12]} g6 {[%emt 0:00:00]} 4. Bd3 {[%emt 0:00:35]} Bg7 {[%emt 0:00:01]} 5. c3 {[%emt 0:00:02]} e5 {[%emt 0:00:11]} 6. Bb5 {[%emt 0:01:04]} Bd7 {[%emt 0:00:07]} 7. O-O {[%emt 0:00:07]} Nge7 {[%emt 0:00:21]} 8. dxe5 {[%emt 0:00:21]} dxe5 {[%emt 0:00:08]} 9. Bg5 {[%emt 0:00:24]} f6 {[%emt 0:00:52]} 10. Be3 {[%emt 0:00:17]} Be6 {[%emt 0:00:50]} 11. Qa4 {[%emt 0:01:13]} a6 {[%emt 0:00:59]} 12. Rd1 {[%emt 0:00:25]} Qc8 {[%emt 0:00:01]} 13. Bxc6+ {[%emt 0:00:34]} Nxc6 {[%emt 0:00:03]} 14. Bc5 {[%emt 0:00:02]} Kf7 {[%emt 0:00:59]} 15. Nbd2 {[%emt 0:00:36]} Nd8 {[%emt 0:03:39]} 16. Nf1 {[%emt 0:00:58]} b6 {[%emt 0:00:09]} 17. Be3 {[%emt 0:00:49]} Nb7 {[%emt 0:00:32]} 18. Qc2 {[%emt 0:01:02]} Qe8 {[%emt 0:01:30]} 19. c4 {[%emt 0:01:01]} Qc6 {[%emt 0:00:43]} 20. Rac1 {[%emt 0:01:28]} Bf8 {[%emt 0:00:28]} 21. N3d2 {[%emt 0:01:11]} a5 {[%emt 0:00:40]} 22. Nb1 {[%emt 0:00:46]} Bd6 {[%emt 0:01:35]} 23. b3 {[%emt 0:00:41]} Rhd8 {[%emt 0:01:03]} 24. Nc3 {[%emt 0:00:35]} Ba3 {[%emt 0:00:35]} 25. Rb1 {[%emt 0:00:35]} Bb4 {[%emt 0:00:57]} 26. Nd5 {[%emt 0:00:59]} Bc5 {[%emt 0:00:25]} 27. Rd2 {[%emt 0:00:47]} Bd6 {[%emt 0:01:16]} 28. Rbd1 {[%emt 0:00:38]} Rd7 {[%emt 0:00:07]} 29. Ng3 {[%emt 0:00:36]} Rad8 {[%emt 0:00:16]} 30. Ne2 {[%emt 0:00:11]} Nc5 {[%emt 0:00:33]} 31. Nec3 {[%emt 0:00:17]} Na6 {[%emt 0:00:07]} 32. Nb5 {[%emt 0:00:13]} Nb4 {[%emt 0:00:25]} 33. Nxd6+ {[%emt 0:00:19]} Rxd6 {[%emt 0:00:12]} 34. Nxb4 axb4 35. Rxd6 {[%emt 0:00:28]} cxd6 {[%emt 0:00:30]} 36. Qd2 {[%emt 0:00:18]} b5 {[%emt 0:00:21]} 37. cxb5 {[%emt 0:00:34]} Qxb5 {[%emt 0:00:02]} 38. Rc1 {[%emt 0:00:02]} Rd7 {[%emt 0:00:14]} 39. Qc2 {[%emt 0:00:17]} f5 {[%emt 0:00:18]} 40. exf5 {[%emt 0:00:20]} Bxf5 {[%emt 0:00:01]} 41. Qc4+ {[%emt 0:00:07]} Qxc4 {[%emt 0:00:02]} 42. Rxc4 {[%emt 0:00:01]} Bb1 {[%emt 0:00:07]} 43. Rxb4 {[%emt 0:00:18]} Bxa2 {[%emt 0:00:01]} 44. Kf1 {[%emt 0:00:15]} d5 {[%emt 0:00:10]} 45. Ra4 {[%emt 0:00:24]} Bxb3 {[%emt 0:00:06]} 46. Ra7 {[%emt 0:00:01]} Rxa7 {[%emt 0:00:11]} 47. Bxa7 {[%emt 0:00:01]} Bc4+ {[%emt 0:00:09]} 48. Ke1 {[%emt 0:00:03]} Ke6 {[%emt 0:00:01]} 49. Bb8 {[%emt 0:00:06]} d4 {[%emt 0:00:06]} 50. Kd2 {[%emt 0:00:35]} Bf1 {[%emt 0:00:03]} 51. g3 {[%emt 0:00:05]} Bc4 {[%emt 0:00:14]} 52. f4 {[%emt 0:00:20]} e4 {[%emt 0:00:07]} 53. Be5 {[%emt 0:00:03]} Kd5 {[%emt 0:00:05]} 54. Bg7 {[%emt 0:00:15]} e3+ {[%emt 0:00:02]} 55. Ke1 {[%emt 0:00:01]} d3 {[%emt 0:00:23]} 56. Bc3 {[%emt 0:00:05]} Ke4 {[%emt 0:00:06]} 0-1

[Event "29th Czech Open-Rapid 2018"]
[Site "Pardubice"]
[Date "2018.07.19"]
[Round "6"]
[White "Salykin, Aleksandr"]
[Black "Roessler, Ulrike"]
[Result "1/2-1/2"]
[WhiteElo "1745"]
[BlackElo "2137"]
[Annotator "NA"]
[PlyCount "152"]
[EventDate "2018.07.18"]
[EventType "swiss"]
[EventCountry "CZE"]
[SourceTitle "playchess.com"]
[Source "ChessBase"]
[SourceQuality "1"]
[TimeControl "900+10"]

1. Nf3 {[%emt 0:00:00]} Nf6 {[%emt 0:00:00]} 2. d4 {[%emt 0:00:00]} g6 {[%emt 0:00:00]} 3. Bf4 {[%emt 0:00:00]} Bg7 {[%emt 0:00:01]} 4. e3 {[%emt 0:00:00]} O-O {[%emt 0:00:05]} 5. Be2 {[%emt 0:00:00]} d6 {[%emt 0:00:04]} 6. h3 {[%emt 0:00:00]} Nbd7 {[%emt 0:00:07]} 7. O-O {[%emt 0:00:03]} c6 {[%emt 0:00:14]} 8. c3 {[%emt 0:00:02]} Nh5 {[%emt 0:00:18]} 9. Bh2 {[%emt 0:00:01]} h6 {[%emt 0:00:44]} 10. Nbd2 {[%emt 0:00:29]} f5 {[%emt 0:00:17]} 11. Nh4 {[%emt 0:00:18]} Qe8 {[%emt 0:00:46]} 12. Nxg6 {[%emt 0:00:19]} Qxg6 {[%emt 0:00:02]} 13. Bxh5 {[%emt 0:00:02]} Qf6 {[%emt 0:00:06]} 14. Kh1 {[%emt 0:01:03]} Kh8 {[%emt 0:00:01]} 15. Be2 {[%emt 0:01:28]} Rg8 {[%emt 0:00:42]} 16. Bc4 {[%emt 0:00:37]} e6 {[%emt 0:00:05]} 17. Bxd6 {[%emt 0:01:05]} Qg6 {[%emt 0:00:23]} 18. Rg1 {[%emt 0:00:37]} Re8 {[%emt 0:03:19]} 19. Nf3 {[%emt 0:02:19]} e5 {[%emt 0:02:22]} 20. dxe5 {[%emt 0:00:03]} Nxe5 {[%emt 0:00:02]} 21. Nxe5 {[%emt 0:00:29]} Bxe5 {[%emt 0:00:02]} 22. Bxe5+ {[%emt 0:00:06]} Rxe5 {[%emt 0:00:01]} 23. Qd4 {[%emt 0:00:26]} Qg7 {[%emt 0:00:03]} 24. Rad1 {[%emt 0:01:47]} b6 {[%emt 0:01:12]} 25. Qd8+ {[%emt 0:03:25]} Kh7 {[%emt 0:00:02]} 26. Ba6 {[%emt 0:00:07]} Bb7 {[%emt 0:00:20]} 27. Qd3 {[%emt 0:00:48]} Rd5 {[%emt 0:00:29]} 28. Qe2 {[%emt 0:00:03]} Bxa6 {[%emt 0:00:01]} 29. Qxa6 {[%emt 0:00:05]} Rad8 {[%emt 0:00:01]} 30. Qe2 {[%emt 0:01:46]} Qd7 {[%emt 0:00:01]} 31. Rxd5 {[%emt 0:00:46]} Qxd5 {[%emt 0:00:02]} 32. a3 {[%emt 0:00:01]} Qd2 {[%emt 0:01:45]} 33. Re1 {[%emt 0:00:04]} Kg6 {[%emt 0:00:11]} 34. Kg1 {[%emt 0:00:11]} Kf6 {[%emt 0:00:32]} 35. e4 {[%emt 0:00:45]} Qxe2 {[%emt 0:00:34]} 36. Rxe2 {[%emt 0:00:06]} fxe4 {[%emt 0:00:01]} 37. Rxe4 {[%emt 0:00:59]} Rd1+ {[%emt 0:00:02]} 38. Kh2 {[%emt 0:00:01]} Rd2 {[%emt 0:00:01]} 39. Rb4 {[%emt 0:00:41]} Rxf2 {[%emt 0:00:03]} 40. Kg3 {[%emt 0:00:01]} Rd2 {[%emt 0:00:07]} 41. Rf4+ {[%emt 0:00:06]} Kg6 {[%emt 0:00:03]} 42. Rf2 {[%emt 0:00:09]} Rd3+ {[%emt 0:00:06]} 43. Kf4 {[%emt 0:00:07]} Rd1 {[%emt 0:00:03]} 44. Ke5 {[%emt 0:00:13]} Rd5+ {[%emt 0:00:06]} 45. Ke4 {[%emt 0:00:18]} Rd1 {[%emt 0:00:05]} 46. Ke3 {[%emt 0:00:24]} c5 {[%emt 0:00:39]} 47. Ke2 {[%emt 0:00:04]} Rb1 {[%emt 0:00:11]} 48. Kd3 {[%emt 0:00:06]} b5 {[%emt 0:00:01]} 49. c4 {[%emt 0:00:18]} a6 {[%emt 0:00:15]} 50. Kc2 {[%emt 0:00:12]} Rg1 {[%emt 0:00:02]} 51. b3 {[%emt 0:00:10]} bxc4 {[%emt 0:00:27]} 52. bxc4 {[%emt 0:00:01]} Ra1 {[%emt 0:00:02]} 53. Kb2 {[%emt 0:00:08]} Re1 {[%emt 0:00:01]} 54. Rd2 {[%emt 0:00:13]} Re6 {[%emt 0:00:30]} 55. Kb3 {[%emt 0:00:16]} Re3+ {[%emt 0:00:22]} 56. Ka4 {[%emt 0:00:05]} Re4 {[%emt 0:00:01]} 57. Rd6+ {[%emt 0:00:21]} Kg7 {[%emt 0:00:09]} 58. Rxa6 {[%emt 0:00:03]} Rxc4+ {[%emt 0:00:01]} 59. Kb5 {[%emt 0:00:01]} Rc2 {[%emt 0:00:01]} 60. a4 {[%emt 0:00:24]} Rxg2 {[%emt 0:00:08]} 61. a5 {[%emt 0:00:10]} Rh2 {[%emt 0:00:05]} 62. Rb6 {[%emt 0:00:16]} Rxh3 {[%emt 0:00:01]} 63. Kxc5 {[%emt 0:00:05]} Ra3 {[%emt 0:00:02]} 64. Kb5 {[%emt 0:00:04]} h5 {[%emt 0:00:04]} 65. a6 {[%emt 0:00:03]} h4 {[%emt 0:00:07]} 66. Rb7+ {[%emt 0:00:16]} Kg6 {[%emt 0:00:02]} 67. a7 {[%emt 0:00:07]} Kg5 {[%emt 0:00:04]} 68. Kb6 {[%emt 0:00:11]} h3 {[%emt 0:00:02]} 69. Rh7 {[%emt 0:00:13]} Kg4 {[%emt 0:00:04]} 70. Kb7 {[%emt 0:00:18]} Kg3 {[%emt 0:00:04]} 71. Rg7+ {[%emt 0:00:04]} Kf2 {[%emt 0:00:04]} 72. Rf7+ {[%emt 0:00:18]} Kg2 {[%emt 0:00:02]} 73. Rg7+ {[%emt 0:00:02]} Kf2 {[%emt 0:00:01]} 74. a8=Q {[%emt 0:00:16]} Rxa8 {[%emt 0:00:02]} 75. Kxa8 {[%emt 0:00:02]} h2 {[%emt 0:00:02]} 76. Rh7 {[%emt 0:00:02]} Kg2 {[%emt 0:00:01]} 1/2-1/2

[Event "29th Czech Open-Rapid 2018"]
[Site "Pardubice"]
[Date "2018.07.19"]
[Round "6"]
[White "Zdechovsky, Tobias"]
[Black "Yakimenko, Alexander A"]
[Result "1-0"]
[WhiteElo "1675"]
[BlackElo "2037"]
[Annotator "NA"]
[PlyCount "64"]
[EventDate "2018.07.18"]
[EventType "swiss"]
[EventCountry "CZE"]
[SourceTitle "playchess.com"]
[Source "ChessBase"]
[SourceQuality "1"]
[TimeControl "900+10"]

1. e4 {[%emt 0:00:00]} e5 {[%emt 0:00:00]} 2. Nf3 {[%emt 0:00:00]} Nc6 {[%emt 0:00:13]} 3. Bb5 {[%emt 0:00:00]} a6 {[%emt 0:00:02]} 4. Ba4 {[%emt 0:00:00]} d6 {[%emt 0:00:03]} 5. d4 {[%emt 0:00:10]} Bd7 {[%emt 0:00:04]} 6. O-O {[%emt 0:00:52]} Nf6 {[%emt 0:00:46]} 7. Re1 {[%emt 0:00:44]} Be7 {[%emt 0:00:18]} 8. c4 {[%emt 0:01:17]} O-O {[%emt 0:00:36]} 9. h3 {[%emt 0:00:03]} Nxd4 {[%emt 0:00:25]} 10. Nxd4 {[%emt 0:00:32]} Bxa4 {[%emt 0:00:08]} 11. Qxa4 {[%emt 0:00:01]} exd4 {[%emt 0:00:03]} 12. b4 {[%emt 0:01:37]} Nd7 {[%emt 0:00:23]} 13. Qb3 {[%emt 0:01:54]} Bf6 {[%emt 0:00:27]} 14. Bb2 {[%emt 0:00:33]} Re8 {[%emt 0:00:42]} 15. Nd2 {[%emt 0:01:20]} c5 {[%emt 0:00:07]} 16. Qg3 {[%emt 0:00:33]} Qc7 {[%emt 0:02:13]} 17. bxc5 {[%emt 0:00:39]} Nxc5 {[%emt 0:00:12]} 18. Rac1 {[%emt 0:00:38]} Na4 {[%emt 0:01:19]} 19. Ba3 {[%emt 0:00:53]} Nc5 {[%emt 0:00:40]} 20. Bb2 {[%emt 0:04:20]} Re7 {[%emt 0:00:41]} 21. f4 {[%emt 0:00:54]} Rae8 {[%emt 0:00:17]} 22. Qf3 {[%emt 0:00:02]} g6 {[%emt 0:00:32]} 23. Nb3 {[%emt 0:00:52]} Nxb3 {[%emt 0:01:54]} 24. axb3 {[%emt 0:00:10]} Qc6 {[%emt 0:00:19]} 25. Ba3 {[%emt 0:00:44]} Rxe4 {[%emt 0:00:24]} 26. Rxe4 {[%emt 0:00:05]} Qxe4 {[%emt 0:00:03]} 27. Qxe4 {[%emt 0:00:06]} Rxe4 {[%emt 0:00:02]} 28. Bxd6 {[%emt 0:00:02]} Re3 {[%emt 0:00:39]} 29. b4 {[%emt 0:00:11]} h5 {[%emt 0:01:07]} 30. c5 {[%emt 0:00:31]} d3 {[%emt 0:00:23]} 31. Kf1 {[%emt 0:00:15]} d2 {[%emt 0:00:25]} 32. Rd1 {[%emt 0:00:02]} Bc3 {[%emt 0:00:02]} 1-0

[Event "29th Czech Open-Rapid 2018"]
[Site "Pardubice"]
[Date "2018.07.19"]
[Round "6"]
[White "Gukesh, Dommaraju"]
[Black "Maltsevskyay, Aleksandra"]
[Result "1-0"]
[WhiteElo "1519"]
[BlackElo "2297"]
[Annotator "NA"]
[PlyCount "91"]
[EventDate "2018.07.18"]
[EventType "swiss"]
[EventCountry "CZE"]
[SourceTitle "playchess.com"]
[Source "ChessBase"]
[SourceQuality "1"]
[TimeControl "900+10"]

1. Nf3 {[%emt 0:00:00]} Nf6 {[%emt 0:00:00]} 2. g3 {[%emt 0:00:00]} g6 {[%emt 0:00:00]} 3. Bg2 {[%emt 0:00:00]} Bg7 {[%emt 0:00:01]} 4. O-O {[%emt 0:00:02]} O-O {[%emt 0:00:02]} 5. d4 {[%emt 0:00:01]} d6 {[%emt 0:00:05]} 6. Re1 {[%emt 0:00:02]} Nbd7 {[%emt 0:00:13]} 7. e4 {[%emt 0:00:02]} e5 {[%emt 0:00:01]} 8. Nc3 {[%emt 0:00:02]} c6 {[%emt 0:00:46]} 9. a4 {[%emt 0:00:03]} Qc7 {[%emt 0:00:34]} 10. h3 {[%emt 0:00:09]} b6 {[%emt 0:00:10]} 11. b3 {[%emt 0:00:03]} Bb7 {[%emt 0:00:20]} 12. Ba3 {[%emt 0:00:02]} Rfe8 {[%emt 0:00:08]} 13. Qd2 {[%emt 0:01:23]} Rad8 {[%emt 0:00:32]} 14. Rad1 {[%emt 0:00:02]} a6 {[%emt 0:00:49]} 15. Qc1 {[%emt 0:01:48]} exd4 {[%emt 0:05:29]} 16. Nxd4 {[%emt 0:00:02]} c5 {[%emt 0:00:01]} 17. Ndb5 {[%emt 0:00:01]} axb5 {[%emt 0:00:02]} 18. Nxb5 {[%emt 0:00:02]} Qb8 {[%emt 0:00:02]} 19. Nxd6 {[%emt 0:00:02]} Bc6 {[%emt 0:00:57]} 20. Nxe8 {[%emt 0:00:13]} Rxe8 {[%emt 0:00:03]} 21. e5 {[%emt 0:02:30]} Bxg2 {[%emt 0:05:51]} 22. exf6 {[%emt 0:00:12]} Bxh3 {[%emt 0:00:02]} 23. Kh2 {[%emt 0:00:57]} Ne5 {[%emt 0:00:33]} 24. fxg7 {[%emt 0:04:30]} Bg4 {[%emt 0:00:02]} 25. Re3 {[%emt 0:00:17]} Nf3+ {[%emt 0:01:29]} 26. Kg2 {[%emt 0:00:25]} Rxe3 {[%emt 0:00:08]} 27. fxe3 {[%emt 0:04:00]} Qa8 {[%emt 0:00:01]} 28. e4 {[%emt 0:00:47]} Qxe4 {[%emt 0:00:13]} 29. Rd8+ {[%emt 0:00:32]} Kxg7 {[%emt 0:00:02]} 30. Bb2+ {[%emt 0:00:06]} Nd4+ {[%emt 0:00:43]} 31. Kg1 {[%emt 0:00:05]} Qe5 {[%emt 0:00:36]} 32. Bxd4 {[%emt 0:01:03]} cxd4 {[%emt 0:00:01]} 33. Qf4 {[%emt 0:00:08]} Qe1+ {[%emt 0:00:11]} 34. Kg2 {[%emt 0:00:01]} Qe2+ {[%emt 0:00:20]} 35. Qf2 {[%emt 0:00:05]} Bh3+ {[%emt 0:00:09]} 36. Kg1 {[%emt 0:00:07]} Qe6 {[%emt 0:00:11]} 37. Qxd4+ {[%emt 0:00:04]} f6 {[%emt 0:00:00]} 38. Qf2 {[%emt 0:00:44]} Bf5 {[%emt 0:00:16]} 39. Rb8 {[%emt 0:00:06]} Be4 {[%emt 0:00:15]} 40. Rxb6 {[%emt 0:00:06]} Qe5 {[%emt 0:00:01]} 41. Rb4 {[%emt 0:00:29]} Bd5 {[%emt 0:00:10]} 42. Rd4 {[%emt 0:00:14]} Qh5 {[%emt 0:00:05]} 43. Kf1 {[%emt 0:00:17]} Qe5 {[%emt 0:00:16]} 44. Qf4 {[%emt 0:00:07]} Qe6 {[%emt 0:00:06]} 45. Qc7+ {[%emt 0:00:02]} Kh6 {[%emt 0:00:03]} 46. Rh4+ {[%emt 0:00:01]} 1-0

[Event "29th Czech Open-Rapid 2018"]
[Site "Pardubice"]
[Date "2018.07.19"]
[Round "7"]
[White "Movsesian, Sergei"]
[Black "Belyakov, Bogdan"]
[Result "1-0"]
[WhiteElo "2633"]
[BlackElo "2485"]
[Annotator "TA"]
[PlyCount "95"]
[EventDate "2018.07.18"]
[EventType "swiss"]
[EventCountry "CZE"]
[SourceTitle "playchess.com"]
[Source "ChessBase"]
[SourceQuality "1"]

{[%evp 17,95,10,41,10,10,0,10,0,0,2,3,0,6,0,82,76,74,78,86,61,59,11,106,101,159,152,161,155,155,147,160,163,160,152,170,190,248,231,205,172,164,105,105,106,89,89,113,105,171,114,402,432,430,421,398,406,377,326,288,312,347,342,321,318,410,323,553,548,635,440,1232,1217,5951,5832,29987,29985,29985,5779,29987,29988]} 1. Nf3 Nf6 2. g3 g6 3. Bg2 Bg7 4. O-O O-O 5. d4 d6 6. c4 Nc6 7. Nc3 a6 8. Bf4 Rb8 {E63: King's Indian: Fianchetto: Panno Variation with 7...a6} 9. Rc1 h6 {LiveBook: 91 Games} 10. e4 g5 $146 {The position is equal.} ({Predecessor:} 10... Bg4 11. h3 Bxf3 12. Bxf3 e5 13. dxe5 dxe5 14. Be3 Nd4 15. Bg2 c5 16. f4 {1-0 (43) Jakovenko,D (2704)-Hirneise,J (2315) Doha 2016}) 11. Be3 Ng4 $1 12. h4 Nxe3 13. fxe3 Bg4 14. hxg5 hxg5 15. Bh3 $36 {[%mdl 2048] White has good play.} Qd7 ({Of course not} 15... Bxh3 $6 16. Nxg5 f6 17. Nxh3 $16) (15... Bh5 $11) 16. Nxg5 $16 Bxd1 ({Not} 16... Bxh3 17. Qh5 $1 {[%mdl 512]} Bf5 18. Rxf5 Qxf5 19. exf5 Rfc8 20. Qxf7+ Kh8 21. Qg6 Kg8 22. Ne6 Kh8 23. Qxg7#) 17. Bxd7 Bh5 {Strongly threatening ...Bh6.} 18. Nh3 e6 19. Rf2 {[%cal Bf1f2,Bf2h2,Bh2h4][%mdl 32] next Nf4 is good for White.} Nb4 (19... Nxd4 $11 {keeps the balance.} 20. exd4 Bxd4) 20. Nf4 {Hoping for a3.} Bg4 (20... Rfd8 $142) 21. Rh2 $1 {[%cal Rh2h4] Threatens to win with Rh4.} Rfd8 {[#]} 22. Rh4 $1 {[%cal Rh4g4]} Bf3 23. Nxe6 Rxd7 24. Nxg7 Kxg7 25. Rf1 Bxe4 26. Rxe4 b5 (26... Rh8 $142 27. a3 Nd3) 27. cxb5 axb5 28. Rf5 c6 29. a3 (29. Rg4+ $18 Kf8 30. Rh4) 29... Nd3 30. b4 Ra7 31. Rg4+ Kf8 {[#]} 32. Ne4 $1 {[%cal Re4d6]} Ke7 (32... Rxa3 $16 {is a better defense.} 33. Nxd6 Ra7) 33. Ng5 (33. Rg7 $18 Rf8 34. Ng5 Rxa3 35. Nxf7) 33... Rf8 $2 {[%mdl 8192]} (33... Kd8 $16) 34. Re4+ $18 Kd8 {[#]} 35. Ne6+ $1 {[%mdl 512]} fxe6 36. Rxf8+ {[%mdl 4096] Endgame KRR-KRN} Ke7 37. Rc8 Rxa3 38. Rxc6 Ra1+ 39. Kg2 Ra2+ 40. Kf1 Rf2+ 41. Kg1 Rb2 $2 (41... Rf3 42. Rb6 Rxg3+ 43. Kf1 Nxb4) 42. Rh4 Ne1 43. Kf1 Nf3 (43... Nc2 $142 44. Rc7+ Kf6 45. Rh6+ Kf5 46. Rf7+ Ke4) 44. Rc7+ Kd8 45. Rhh7 {White wants to mate with Ra7.} Rd2 46. Rcd7+ Ke8 47. Rde7+ (47. Ra7 $142 Nh2+ 48. Kg1 Nf3+ 49. Kh1 Rh2+ 50. Rxh2 Nxh2 51. Kxh2 Kd8 52. g4) 47... Kd8 48. Ref7 {Precision: White = 57%, Black = 39%.} 1-0

[Event "29th Czech Open-Rapid 2018"]
[Site "Pardubice"]
[Date "2018.07.19"]
[Round "7"]
[White "Paravyan, David"]
[Black "Stocek, Jiri"]
[Result "1/2-1/2"]
[WhiteElo "2593"]
[BlackElo "2528"]
[Annotator "TA"]
[PlyCount "134"]
[EventDate "2018.07.18"]
[EventType "swiss"]
[EventCountry "CZE"]
[SourceTitle "playchess.com"]
[Source "ChessBase"]
[SourceQuality "1"]

{[%evp 12,134,34,27,23,21,40,35,31,32,56,27,29,12,18,17,14,16,29,19,16,0,18,-8,2,-11,-8,0,0,0,0,-31,-6,-50,-13,-90,-86,-91,-84,-95,-45,-61,-63,-52,-16,-11,-7,-6,-6,-7,-6,-14,0,0,0,0,0,0,0,-60,-60,-87,-80,-132,-140,-215,-118,-166,-146,-133,-58,-75,-68,-167,-53,-64,-51,-46,-54,-47,-39,-46,-40,-68,0,0,0,-17,-18,-77,0,0,0,0,0,-33,-8,-11,-11,-11,0,-14,0,0,0,-14,-14,-14,-14,-14,-14,-14,-14,-24,-24,-24,-19,-19,-19,-20,-19,-19,-19,-19,-19]} 1. d4 Nf6 2. c4 e6 3. g3 c5 4. Nf3 cxd4 5. Nxd4 Qa5+ 6. Nc3 Ne4 {A32: Symmetrical English: 2 Nf3 Nf6 3 d4 cxd4 4 Nxd4 e6} 7. Qd3 {LiveBook: 4 Games} Nxc3 8. Bd2 Nc6 $146 ({Predecessor:} 8... Bb4 9. Nb3 Ne4 10. Nxa5 Bxd2+ 11. Qxd2 Nxd2 12. Kxd2 Na6 13. Bg2 Rb8 14. Nb3 {½-½ (22) Kursova,M (2343)-Danielian,E (2451) Yerevan 2017}) 9. Qxc3 Qxc3 10. Bxc3 Bb4 11. Nb5 {Nc7+ is the strong threat.} Ke7 12. Bg2 a6 13. Bxb4+ Nxb4 14. Nd4 Rb8 15. O-O Nc6 16. Nb3 d6 17. Rad1 Bd7 18. c5 d5 19. e4 dxe4 20. Bxe4 Rhc8 21. h4 ({Don't play} 21. Bxh7 g6 $17) 21... h6 22. a3 Be8 23. Kg2 (23. Rd2 $11) 23... Ne5 $17 24. Rc1 f5 25. Bf3 Nd3 26. Rc3 Nxb2 27. Re1 Na4 28. Rce3 Nxc5 29. Nxc5 Rxc5 30. Rxe6+ Kf8 31. Rb6 Rb5 32. Ree6 Bd7 33. Rxb5 axb5 $11 {[%mdl 4096] Endgame KRB-KRB} 34. Rb6 Ke8 35. Bd5 (35. Rxb7 $11 Rxb7 36. Bxb7) 35... Ra8 $15 36. Rxb7 Rxa3 37. Rb8+ ({White should try} 37. Kf1) 37... Ke7 $17 38. Rg8 (38. Rb6 $17) 38... Kf6 (38... Kd6 $19 39. Rxg7 b4) 39. Rb8 Rd3 40. Bf3 Rd6 (40... Ke5 $17 41. Rb6 Rd6) 41. Be2 $1 $15 Rd5 42. Rb6+ ({White should play} 42. f4 $15) 42... Ke7 (42... Ke5 $19 43. Kf1 f4 44. gxf4+ Kd4) 43. Kf3 Rc5 44. Ke3 Bc6 45. Rb8 Re5+ 46. Kd2 Kd6 47. Bd3 {[#]} g5 (47... f4 $1 $15 {[%mdl 512]} 48. gxf4 Re8 49. Rxe8 Bxe8) 48. Rh8 $11 Re6 49. Bxf5 Rf6 50. Bg4 {[#]} (50. Bd3 $11 {keeps the balance.}) 50... Rxf2+ ({Better is} 50... gxh4 $1 $17 51. gxh4 Rxf2+ 52. Kc3 Rf6) 51. Ke3 Rf6 52. hxg5 hxg5 53. Rd8+ Kc5 {Black wants to play ...b4.} 54. Rg8 b4 {Hoping for ...b3.} 55. Rxg5+ Bd5 56. Bd1 Kc4 57. Be2+ Kc5 58. Bd1 b3 {[#]} 59. Rxd5+ $1 {[%mdl 512]} Kxd5 60. Bxb3+ {KR-KB} Ke5 61. Bd1 Ra6 62. Bc2 Ra3+ 63. Bd3 Rb3 64. g4 {The position is equal.} Kf6 65. Kd4 Rb4+ 66. Bc4 Kg5 67. Kc5 Rb8 {Precision: White = 44%, Black = 53%.} 1/2-1/2

[Event "29th Czech Open-Rapid 2018"]
[Site "Pardubice"]
[Date "2018.07.19"]
[Round "7"]
[White "Plat, Vojtech"]
[Black "Manik, Mikulas"]
[Result "1-0"]
[WhiteElo "2580"]
[BlackElo "2457"]
[Annotator "TA"]
[PlyCount "101"]
[EventDate "2018.07.18"]
[EventType "swiss"]
[EventCountry "CZE"]
[SourceTitle "playchess.com"]
[Source "ChessBase"]
[SourceQuality "1"]

{[%evp 17,101,1,17,-6,6,-30,-21,-25,29,0,0,0,0,0,14,0,0,0,0,0,23,33,43,66,62,59,65,62,59,60,77,81,79,63,72,50,81,97,86,74,105,95,87,88,83,45,121,83,97,57,53,11,38,0,0,0,0,3,95,92,99,99,105,77,77,83,104,92,113,102,135,93,133,132,194,135,184,183,188,137,133,60,744,743,950,926]} 1. e4 c5 2. Nf3 Nc6 3. d4 cxd4 4. Nxd4 g6 5. Nc3 Bg7 6. Be3 Nf6 7. Bc4 O-O 8. Bb3 d6 9. h3 Bd7 {LiveBook: 275 Games} 10. Nf3 {B72: Sicilian Dragon: 6 Be3, lines with h3+Bc4 and sidelines} (10. O-O Nxd4 11. Bxd4 Bc6 12. Qd3 e6 13. Rad1 Qc7 14. Qf3 Qe7 15. a4 Rfd8 16. Rfe1 Nd7 17. Bxg7 Kxg7 18. Qg3 Nc5 19. f4 Kh8 20. Qe3 Nxb3 21. cxb3 {1-0 (44) Bologan,V (2640)-Savchenko,B (2613) Sochi 2016}) 10... a6 11. Qd2 $146 ({Predecessor:} 11. O-O Rc8 12. Qd2 Na5 13. Nd4 Bc6 14. Nxc6 bxc6 15. Bh6 e6 16. Bxg7 Kxg7 {0-1 (34) Wen,Y (1108)-Tang,L (1475) Montreal 2010}) 11... Na5 12. Bh6 {The position is equal.} Rc8 (12... Bc6 $142) 13. Bxg7 Kxg7 14. O-O Nc4 15. Bxc4 Rxc4 16. e5 dxe5 17. Nxe5 Rc8 18. Rad1 {[%cal Re5d7]} Bc6 19. Qe3 Qc7 20. Nxc6 bxc6 21. Rfe1 $36 {[%mdl 2048] White is more active.} Rfe8 22. Na4 Nd5 23. Qc5 Kg8 24. c4 Nf6 25. g3 e5 26. Qd6 (26. Kg2 {is more complex.} Re6 27. Qe3 e4 28. Nc5 Re5 29. Qd4) 26... Qxd6 27. Rxd6 Kg7 28. b3 Re7 29. Nb6 Rcc7 30. c5 e4 31. Nc4 Rc8 ({Black should play} 31... Nd7 $14) 32. Rd4 Rcc7 33. Nd6 Re5 34. Ra4 Rce7 35. Rxa6 Rxc5 36. Nc4 Nd5 37. a4 {[%cal Ba2a4,Ba4a5,Ba5a6,Ba6a7][%mdl 32]} Rb7 (37... Nb4 $11 {remains equal.} 38. Rb6 Nc2) 38. Ra5 $16 Rxa5 39. Nxa5 {[%mdl 4096] Endgame KRN-KRN} Rb4 40. Nxc6 Rxb3 41. Rxe4 Ra3 42. a5 h5 43. Re5 Nf6 44. Nb4 Rb3 45. Na6 Ra3 (45... Nd7 $16 46. Re7 Rb7) 46. Nc7 (46. Nc5 $18) 46... Kf8 47. a6 Nd7 48. Rb5 (48. Re8+ $18 Kg7 49. Kg2) 48... Ke7 {[#]} 49. Rb7 (49. Nd5+ $1 $16 Kd8 50. Nb4) 49... Ra5 $2 {[%mdl 8192]} (49... Ra1+ $14 50. Kg2 Kd8) 50. a7 $18 Nc5 51. Na6+ {Precision: White = 50%, Black = 27%.} 1-0